[Event "EYCC Boys U18"]
[Site "Batumi GEO"]
[Date "2010.09.28"]
[Round "9"]
[White "Popilski,G"]
[Black "Tamazyan,H"]
[Result "1-0"]
[WhiteElo "2454"]
[BlackElo "2151"]

1.Nf3 d5 2.g3 c6 3.Bg2 Bg4 4.O-O Nd7 5.d3 e6 6.e4 Ne5 7.Nbd2 Nf6 8.Qe1 Nxf3+
9.Nxf3 Bxf3 10.Bxf3 Be7 11.Bg2 h5 12.h3 Qc7 13.e5 Nd7 14.d4 c5 15.c3 cxd4
16.cxd4 Nb8 17.Be3 Nc6 18.Rc1 Qa5 19.Qe2 a6 20.a3 Qb5 21.Qf3 g6 22.Rc2 Qa4
23.Rfc1 h4 24.g4 O-O 25.Qd1 Rac8 26.Qd3 Rc7 27.Bf1 Rfc8 28.Rc3 Kg7 29.f4 f5
30.exf6+ Bxf6 31.f5 gxf5 32.gxf5 Re7 33.R3c2 exf5 34.Rg2+ Kf7 35.Qxf5 Rxe3
36.Qxc8 Qxd4 37.Kh1 Ne7 38.Rc7 Rg3 39.Qf5 Ke8 40.Qd7+ Kf7 41.Qf5 Re3 42.Rxb7 Re1
43.Qh5+ Ke6 44.Re2+ Rxe2 45.Qxe2+ Kf7 46.Qh5+ Ke6 47.Qg4+ Qxg4 48.hxg4 a5
49.Rb5 Ng6 50.b3 Bc3 51.Rb6+ Kf7 52.b4 axb4 53.axb4  1-0

[Event "EYCC Girls U16"]
[Site "Batumi GEO"]
[Date "2010.09.28"]
[Round "9"]
[White "Usoltseva,P"]
[Black "Foisor,M"]
[Result "0-1"]
[WhiteElo "1822"]
[BlackElo "2210"]

1.Nf3 d5 2.g3 c5 3.d3 Nf6 4.Bg2 Nc6 5.Nbd2 Bg4 6.O-O Qd7 7.e4 dxe4 8.dxe4 O-O-O
9.Re1 h5 10.h4 g5 11.hxg5 Nh7 12.c3 Nxg5 13.Qb3 Nh3+ 14.Bxh3 Bxh3 15.Nc4 Bg7
16.Bf4 h4 17.Qa3 e5 18.Nfxe5 Bxe5 19.Nxe5 Nxe5 20.Bxe5 Qe7 21.Bxh8 hxg3 22.f4 Rxh8
23.Qxa7 Rh6 24.Qa8+ Kc7 25.Qa5+ Kb8 26.Rad1 Bd7 27.Rxd7 Qxd7 28.Qxc5 Rh1+  0-1

[Event "39th Olympiad Men"]
[Site "Khanty-Mansiysk RUS"]
[Date "2010.09.28"]
[Round "7"]
[White "Amin,B"]
[Black "Samhouri,A"]
[Result "1-0"]
[WhiteElo "2578"]
[BlackElo "2372"]

1.Nf3 d5 2.g3 c5 3.Bg2 Nc6 4.O-O e6 5.d3 Bd6 6.e4 Nge7 7.Re1 Bc7 8.c3 O-O
9.e5 d4 10.Na3 Ng6 11.cxd4 cxd4 12.Nc4 Rb8 13.h4 b5 14.h5 bxc4 15.hxg6 fxg6
16.dxc4 d3 17.Re3 d2 18.Qxd2 Qxd2 19.Nxd2 Nxe5 20.Ne4 Ng4 21.Re2 Bb7 22.Nc5 Bc8
23.b3 Bb6 24.Ba3 Rf5 25.Nd3 Ba6 26.Be4 Rf7 27.Nc5 Bc8 28.Rd1 Rc7 29.Rd8+ Kf7
30.Na6  1-0

[Event "39th Olympiad Men"]
[Site "Khanty-Mansiysk RUS"]
[Date "2010.09.29"]
[Round "8"]
[White "Marko,H"]
[Black "Rowe,P"]
[Result "1/2-1/2"]
[WhiteElo "2071"]
[BlackElo "2012"]

1.Nf3 d5 2.g3 Nf6 3.Bg2 c6 4.O-O Bg4 5.h3 Bf5 6.d3 h6 7.b3 e6 8.Bb2 Nbd7
9.Nbd2 Bd6 10.e4 dxe4 11.dxe4 Bxe4 12.Nxe4 Nxe4 13.Qe2 Nef6 14.Rad1 Qe7 15.a4 O-O
16.Rfe1 Bc5 17.Nh4 Rfe8 18.Kh2 Rad8 19.f4 Nf8 20.Rb1 N8h7 21.Nf3 Nd5 22.Ne5 Bb4
23.Be4 Nhf6 24.Bf3 Nc3 25.Bxc3 Bxc3 26.Red1 Rxd1 27.Rxd1 Rd8 28.Rd3 Rxd3
29.Qxd3 Bxe5 30.fxe5 Nd5 31.c4 Nb4 32.Qd2 Na6 33.h4 Nc5 34.Qe3 Nd7 35.Qd4 Nc5
36.Qe3 Nd7  1/2-1/2

[Event "39th Olympiad Women"]
[Site "Khanty-Mansiysk RUS"]
[Date "2010.09.29"]
[Round "8"]
[White "Franciskovic,B"]
[Black "Aliaga Fernandez,I"]
[Result "1-0"]
[WhiteElo "2282"]
[BlackElo "2134"]

1.Nf3 d5 2.g3 Nf6 3.Bg2 c6 4.O-O Bg4 5.c4 Nbd7 6.d3 e6 7.cxd5 cxd5 8.Nc3 Be7
9.h3 Bxf3 10.Bxf3 d4 11.Nb5 Qb6 12.Na3 O-O 13.Nc4 Qa6 14.Bf4 Rac8 15.Qd2 Nb6
16.Nxb6 Qxb6 17.Rfc1 Nd7 18.Rxc8 Rxc8 19.Rc1 Rxc1+ 20.Qxc1 Bc5 21.Bd2 Ne5
22.Bxb7 h6 23.Be4 f5 24.Bg2 Kf7 25.Qc2 Nd7 26.Qa4 Nf6 27.b4 Be7 28.Qb3 g5
29.Qc4 Nd7 30.Qc8 Nf8 31.a3 Kg7 32.Bf3 Qd6 33.Qb7 Qd7 34.Qa6 Qc7 35.Qc4 Qd6
36.e3 e5 37.exd4 exd4 38.Qd5 Qxd5 39.Bxd5 Kf6 40.a4 Ke5 41.Bc4 Nd7 42.a5 Kd6
43.f4 Nf8 44.fxg5 hxg5 45.b5 Kd7 46.Bd5 Kc7 47.h4 Bd6 48.Bxg5 Bxg3 49.h5 Bd6
50.Bf6 Bc5 51.h6 Kd6 52.Bg8 Kc7 53.h7 Nxh7 54.Bxh7  1-0

[Event "39th Olympiad Women"]
[Site "Khanty-Mansiysk RUS"]
[Date "2010.09.29"]
[Round "8"]
[White "Foisor,C"]
[Black "Pourkashiyan,A"]
[Result "1-0"]
[WhiteElo "2395"]
[BlackElo "2322"]

1.Nf3 d5 2.g3 c6 3.h3 Nf6 4.Bg2 Bf5 5.d3 e6 6.Nh4 Bg6 7.Nxg6 hxg6 8.Nd2 Nbd7
9.c4 Bc5 10.O-O Qc7 11.e3 O-O 12.Qe2 Rfe8 13.Rb1 a5 14.d4 Bd6 15.b3 e5 16.dxe5 Bxe5
17.Nf3 Bd6 18.Bb2 dxc4 19.Qxc4 Ne5 20.Nxe5 Bxe5 21.Bc1 Rad8 22.f4 Bd6 23.e4 Qb6+
24.Kh2 Bb8 25.Qc2 Rd7 26.Bb2 Qe3 27.Bc1 Qd3 28.Qxd3 Rxd3 29.e5 Nd5 30.Rb2 g5
31.Rd2 Rxd2 32.Bxd2 gxf4 33.gxf4 f6 34.Bxd5+ cxd5 35.Bxa5 fxe5 36.fxe5 Rxe5
37.Kg2 Rg5+ 38.Kf2 Ba7+ 39.Kf3 d4 40.Bd2 Rf5+ 41.Kg2 Rd5 42.Rc1 Bb6 43.b4 Kf7
44.a4 Ke6 45.Rc8 d3 46.a5 Bd4 47.Kf3 Rd7 48.Ke4 Bf6 49.Rc4 Be5 50.b5 Rd6
51.Ra4 Bh2 52.a6 bxa6 53.bxa6 Rd8 54.a7 Ra8 55.Kxd3 Kd5 56.Be3 Kc6 57.Ra2 Bc7
58.Bd4 Kb7 59.Bxg7 Rxa7 60.Rxa7+ Kxa7 61.h4 Kb7 62.Ke4 Ba5 63.h5 Bd2 64.Be5 Bh6
65.Bf4 Bg7 66.Kf5 Kc6 67.Kg6 Bd4 68.h6 Kd7 69.Kf7 Kc6 70.h7 Kd5 71.Bh6  1-0

[Event "39th Olympiad Men"]
[Site "Khanty-Mansiysk RUS"]
[Date "2010.09.30"]
[Round "9"]
[White "Peralta,E"]
[Black "Buss,Ra"]
[Result "1/2-1/2"]
[WhiteElo "2266"]
[BlackElo "2433"]

1.Nf3 d5 2.g3 Bg4 3.Bg2 Nd7 4.d4 e6 5.Nbd2 Ngf6 6.O-O c6 7.b3 Bd6 8.Bb2 O-O
9.c4 Qe7 10.Qc1 Rac8 11.c5 Bb8 12.Re1 Rfe8 13.b4 e5 14.dxe5 Nxe5 15.Nd4 Qd7
16.Qc3 Ng6 17.Nf1 Bh3 18.Rad1 Bxg2 19.Kxg2 Re4 20.f3 Re5 21.e3 h5 22.Ne2 Rce8
23.Nf4 Qf5 24.Qc1 R5e7 25.Nxg6 Qxg6 26.Qb1 Qxb1 27.Rxb1 Nd7 28.Red1 Be5 29.Bc1 g6
30.a4 Bg7 31.Bb2 Bxb2 32.Rxb2 Ne5 33.Rb3 Nc4 34.Kf2 f5 35.Rd4 Kf7 36.h4 a6
37.a5 Re6 38.Rc3 R8e7 39.Rb3 Kf6 40.Rc3 Re8 41.Rd1 R6e7 42.Rd4 Re6 43.Rb3 R6e7
44.Rc3  1/2-1/2

[Event "39th Olympiad Men"]
[Site "Khanty-Mansiysk RUS"]
[Date "2010.09.30"]
[Round "9"]
[White "Collutiis,D"]
[Black "Kett,T"]
[Result "1-0"]
[WhiteElo "2447"]
[BlackElo "2219"]

1.Nf3 d5 2.g3 Nf6 3.Bg2 c6 4.O-O Bg4 5.d3 Nbd7 6.c4 dxc4 7.dxc4 e5 8.Nc3 Be7
9.b3 O-O 10.h3 Bh5 11.g4 Bg6 12.Nh4 Qc7 13.Nxg6 hxg6 14.Qc2 a5 15.Rb1 Rad8
16.Kh1 Rfe8 17.a3 Bc5 18.b4 axb4 19.axb4 Ba7 20.Bg5 Nf8 21.e3 Ne6 22.Bh4 g5
23.Bg3 g6 24.Qb2 Bb8 25.b5 Nd7 26.bxc6 bxc6 27.Qc2 Ndc5 28.Rfd1 Kg7 29.Kg1 f6
30.Rxd8 Rxd8 31.Rd1 Rxd1+ 32.Qxd1 Ba7 33.Qf3 Qa5 34.Ne4 Nd7 35.h4 gxh4 36.Bxh4 g5
37.Qf5 Nef8 38.Nxf6 Nxf6 39.Qxg5+ Kh7 40.Qxf6 Ng6 41.Be4  1-0

[Event "39th Olympiad Women"]
[Site "Khanty-Mansiysk RUS"]
[Date "2010.09.30"]
[Round "9"]
[White "Ptacnikova,L"]
[Black "Lkhamsuren,U"]
[Result "1/2-1/2"]
[WhiteElo "2282"]
[BlackElo "2206"]

1.Nf3 d5 2.g3 c6 3.Bg2 Bg4 4.O-O Nd7 5.d4 Ngf6 6.Nbd2 e6 7.Re1 Be7 8.e4 dxe4
9.Nxe4 Nxe4 10.Rxe4 Nf6 11.Re1 O-O 12.c3 Nd5 13.h3 Bxf3 14.Qxf3 Bf6 15.h4 Re8
16.Rd1 Qb6 17.Rb1 Qa5 18.a3 Ne7 19.Bf4 Rad8 20.b4 Qa4 21.Bg5 Bxg5 22.hxg5 Qb5
23.Qg4 Qf5 24.Qxf5 Nxf5 25.a4 Re7 26.Re1 Rc7 27.a5 b6 28.axb6 axb6 29.Ra1 Ne7
30.Ra6 b5 31.Rea1 Kf8 32.Be4 Nd5 33.R1a3 Ke7 34.Kf1 Kd6 35.Ke2 e5 36.dxe5+ Kxe5
37.Bd3 Rb8 38.Kd2 Kd6 39.Ra1 f6 40.gxf6 Nxf6 41.Re1 g6 42.Rh1 Re7 43.Rh4 Nd5
44.Rd4 Kc7 45.Ra7+ Kb6 46.Rxe7 Nxe7 47.Rd7 Rb7 48.Rd8 Nd5 49.Rf8 Re7 50.Bf1 Kc7
51.Bh3 Nb6 52.Kd3 Nc4 53.Rc8+ Kb7 54.Rf8  1/2-1/2

[Event "9th Sparkassen Open"]
[Site "Forchheim GER"]
[Date "2010.10.01"]
[Round "1"]
[White "Meyer,Stef"]
[Black "Loehr,M"]
[Result "1/2-1/2"]
[WhiteElo "2168"]
[BlackElo "2256"]

1.Nf3 d5 2.g3 Nf6 3.Bg2 g6 4.O-O Bg7 5.d3 O-O 6.c3 c5 7.Nbd2 Nc6 8.e4 dxe4
9.dxe4 Qc7 10.Qe2 Rd8 11.Nc4 Bd7 12.Bf4 Qc8 13.Rfd1 b5 14.Nce5 Nxe5 15.Nxe5 Be8
16.Rxd8 Qxd8 17.Rd1 Qb6 18.Be3 Qc7 19.f4 Rb8 20.Qf2 Rc8 21.h3 a6 22.Nd3 Nd7
23.e5 a5 24.h4 e6 25.Qe2 c4 26.Nf2 Nc5 27.Ne4 Nxe4 28.Bxe4 Bc6  1/2-1/2

[Event "21st Open"]
[Site "Goch GER"]
[Date "2010.10.01"]
[Round "3.4"]
[White "Bub,V"]
[Black "Mladenov,Sv"]
[Result "0-1"]
[WhiteElo "2179"]
[BlackElo "2436"]

1.Nf3 d5 2.g3 g6 3.Bg2 Bg7 4.d3 Nc6 5.O-O e5 6.e4 Nge7 7.Nbd2 O-O 8.exd5 Nxd5
9.Nc4 a5 10.Re1 Re8 11.Bg5 f6 12.Bd2 Be6 13.Qc1 Qd7 14.a3 a4 15.Bh6 b5 16.Bxg7 Kxg7
17.Ncd2 Rab8 18.b4 axb3 19.Nxb3 Bg4 20.Nfd2 Nd4 21.Qb2 Ne2+ 22.Kh1 Nec3 23.Nc5 Qd6
24.Nde4 Nxe4 25.Nxe4 Qc6 26.h3 Be6 27.f4 Bf7 28.fxe5 Rxe5 29.c4 Ne7 30.d4 Rxe4
31.Bxe4 Qd7 32.Kh2 Bxc4 33.Rac1 Rb6 34.Qb4 Rd6 35.Rcd1 Be6 36.Bg2 c6 37.a4 bxa4
38.Qxa4 Nf5 39.d5 Bxd5 40.Bxd5 cxd5 41.Qxd7+ Rxd7 42.g4 Ne7 43.Kg3 Kf7 44.Re2 g5
45.h4 h6 46.hxg5 hxg5 47.Rh1 Kg6 48.Rhe1 Nc6 49.Re6 Nd4 50.Re7 Rd6 51.Re8 f5
52.Rg8+ Kf6 53.Rf8+ Kg7 54.Ree8 f4+ 55.Kf2 Ne6 56.Rf5 Kg6 57.Rg8+ Kh7 58.Re8 Nc5
59.Rfe5 Nd3+ 60.Ke2 Nxe5 61.Rxe5 Kg6 62.Kd3 f3 63.Ke3 Rf6 64.Kf2 d4 65.Re4 Rf4
66.Re6+ Kf7 67.Rd6 Ke7 68.Rd5 Rxg4 69.Kxf3 Rf4+ 70.Kg3 Kf6 71.Rd8 Kf5 72.Rf8+ Ke4
73.Re8+ Kd5 74.Rd8+ Kc5 75.Rc8+ Kb4 76.Rb8+ Kc3 77.Rc8+ Kb3 78.Rb8+ Kc2 79.Rc8+ Kd1
80.Rc5 d3 81.Rxg5 Rf8 82.Rg7 d2 83.Kg2 Rc8 84.Kf3 Kc1  0-1

[Event "39th Olympiad Men"]
[Site "Khanty-Mansiysk RUS"]
[Date "2010.10.01"]
[Round "10"]
[White "Pantsulaia,L"]
[Black "Magem Badals,J"]
[Result "0-1"]
[WhiteElo "2599"]
[BlackElo "2589"]

1.Nf3 d5 2.g3 Nf6 3.Bg2 c6 4.c4 dxc4 5.O-O Nbd7 6.Na3 Nb6 7.Qc2 Be6 8.Ne5 Qd4
9.Nxc6 bxc6 10.Bxc6+ Nfd7 11.Nb5 Qe5 12.d4 cxd3 13.Qxd3 Rc8 14.Nxa7 Rxc6
15.Nxc6 Qc5 16.Nd4 Bc4 17.Qd1 e5 18.Nf5 g6 19.Ne3 Ba6 20.a4 Nf6 21.b3 Qc6
22.Qc2 Bc5 23.h3 h5 24.Kh2 Ng4+ 25.Nxg4 hxg4 26.h4 Rxh4+ 27.gxh4 g3+ 28.fxg3 Bg1+
29.Kxg1 Qxc2 30.Bg5 Bxe2 31.Rf2 Qd3 32.Rc1 f6 33.Bh6 g5 34.Kg2 Qe4+ 35.Kh2 Qe3  0-1

[Event "39th Olympiad Women"]
[Site "Khanty-Mansiysk RUS"]
[Date "2010.10.01"]
[Round "10"]
[White "Shabanaj,A"]
[Black "Limontaite,S"]
[Result "0-1"]
[WhiteElo "1926"]
[BlackElo "2187"]

1.Nf3 d5 2.g3 Nf6 3.Bg2 c6 4.O-O Bg4 5.d3 Nbd7 6.c3 e5 7.Qc2 Be7 8.Bg5 O-O
9.Nbd2 Re8 10.e4 Qc7 11.Rfe1 Bf8 12.b4 h6 13.Bxf6 Nxf6 14.a3 a5 15.Nb3 axb4
16.axb4 dxe4 17.dxe4 Be6 18.Nbd2 c5 19.Qb2 Nd7 20.Bf1 Rec8 21.Bb5 f6 22.h4 h5
23.Ba4 cxb4 24.cxb4 Nb6 25.Bb3 Qf7 26.b5 Nd7 27.Bxe6 Qxe6 28.Qb3 Qxb3 29.Nxb3 Nc5
30.Rxa8 Rxa8 31.Nxc5 Bxc5 32.Re2 Ra1+ 33.Kg2 Rb1 34.Rc2 Rxb5 35.Nd2 b6 36.Ra2 Kh7
37.Rc2 Rb4 38.Nc4 Bd4 39.f3 Rb5 40.Nd6 Rb2 41.Rxb2 Bxb2 42.g4 Ba3 43.Nb5 Bb4
44.Kh3 g6 45.Nc7 Kg7 46.Nd5 Bc5 47.Kg3 Kf7 48.f4 exf4+ 49.Kxf4 Bd6+ 50.Kf3 hxg4+
51.Kxg4 b5 52.h5 gxh5+ 53.Kxh5 b4 54.Kg4 b3 55.Nc3 Be5 56.Nb1 Ke6 57.Kf3 Kd6
58.Ke3 Kc5 59.Kd3 Kb4 60.Kd2 Kc4 61.Ke3 Ba1 62.Ke2 Be5 63.Ke3 Bd4+ 64.Ke2 Bc5
65.Kd2 Bb4+ 66.Ke3 Be1 67.Ke2 Ba5 68.Kd1 Kd3 69.Kc1 Bc3 70.Na3 Kxe4 71.Nb5 Be5  0-1

[Event "39th Olympiad Women"]
[Site "Khanty-Mansiysk RUS"]
[Date "2010.10.01"]
[Round "10"]
[White "Stojanovic,Andj"]
[Black "Bodnaruk,A"]
[Result "0-1"]
[WhiteElo "2337"]
[BlackElo "2399"]

1.Nf3 d5 2.g3 Nf6 3.Bg2 c6 4.O-O Bf5 5.b3 e6 6.Bb2 h6 7.d3 Be7 8.Nbd2 O-O
9.Qe1 a5 10.e4 Bh7 11.a3 c5 12.Ne5 a4 13.Qe2 Nc6 14.Nxc6 bxc6 15.f4 Re8 16.g4 Nd7
17.Qf3 Rb8 18.g5 hxg5 19.fxg5 Rf8 20.h4 Bd6 21.Rae1 Ne5 22.Qh3 d4 23.Bc1 f5
24.h5 g6 25.exf5 exf5 26.Nc4 Nxc4 27.bxc4 Qd7 28.hxg6 Bxg6 29.Bf4 Bxf4 30.Rxf4 Rbe8
31.Rxe8 Qxe8 32.Qf3 Qe1+ 33.Kh2 Kg7 34.Qf2 Rh8+ 35.Bh3 Qe5 36.Kg2 Rh5 37.Qg3 Qe7
38.Bxf5 Rxg5 39.Rg4 Qe2+ 40.Kg1 Qd1+ 41.Kg2 Qxc2+ 42.Kh3 Bxf5 43.Qe5+ Kf7
44.Qc7+ Kg6 45.Qxc6+ Kh7 46.Qc7+ Kh6 47.Qf4 Bxg4+ 48.Kh4 Qh2+  0-1

[Event "39th Olympiad Men"]
[Site "Khanty-Mansiysk RUS"]
[Date "2010.10.01"]
[Round "10"]
[White "Kantans,T"]
[Black "Thorfinnsson,Bj"]
[Result "1/2-1/2"]
[WhiteElo "2332"]
[BlackElo "2404"]

1.Nf3 d5 2.g3 Nf6 3.Bg2 e6 4.O-O b5 5.d3 Bb7 6.Nbd2 Nbd7 7.e4 dxe4 8.Ng5 Nc5
9.b4 Qd4 10.Rb1 Na4 11.Ndxe4 Nxe4 12.Nxe4 O-O-O 13.Be3 Qd5 14.c4 Qxd3 15.Qxd3 Rxd3
16.cxb5 Bxe4 17.Bxe4 Rxe3 18.fxe3 Nc3 19.Bc6 Nxb1 20.Rxb1 Bd6 21.Kf2 h5 22.h4 Rh6
23.Rb3 Rf6+ 24.Kg2 Rg6 25.e4 Kd8 26.Ra3 Ke7 27.Rxa7 Rxg3+ 28.Kf1 Kf6 29.a4 Ra3
30.Be8 g5 31.b6 cxb6 32.Rxf7+ Ke5 33.hxg5 Rg3 34.a5 bxa5 35.bxa5 Rxg5 36.a6 Bc5
37.Rc7 Bd4 38.Rh7 Kxe4 39.Bc6+ Kd3 40.Bg2 Kd2 41.Rf7 h4 42.a7 h3 43.a8=Q hxg2+
44.Qxg2+ Rxg2 45.Kxg2 e5  1/2-1/2

[Event "Highlands Open"]
[Site "Zdar nad Sazavou CZE"]
[Date "2010.10.01"]
[Round "8"]
[White "Lorenc,O"]
[Black "Burdalev,K"]
[Result "1/2-1/2"]
[WhiteElo "2077"]
[BlackElo "2274"]

1.Nf3 d5 2.g3 c6 3.Bg2 Bg4 4.d4 Nd7 5.h3 Bh5 6.O-O e6 7.Nbd2 Ngf6 8.c4 Be7
9.b3 O-O 10.Bb2 a5 11.Ne5 Nxe5 12.dxe5 Nd7 13.g4 Bg6 14.e4 dxe4 15.Nxe4 Nc5
16.Qxd8 Rfxd8 17.Ba3 Bxe4 18.Bxe4 Nxe4 19.Bxe7 Rd7 20.Ba3 Rd3 21.Kg2 Rad8
22.Rfe1 Nd2 23.Bd6 a4 24.Re3 Rxe3 25.fxe3 axb3 26.axb3 Nxb3 27.Ra7 Nd2 28.c5 Nc4
29.Kf3 f6 30.Rxb7 fxe5 31.Rc7 Nxd6 32.cxd6 Rxd6 33.Ke4 Rd5 34.Rxc6  1/2-1/2

[Event "21st Open"]
[Site "Goch GER"]
[Date "2010.10.02"]
[Round "4.43"]
[White "Roomer,Paul"]
[Black "Schorr,J"]
[Result "1/2-1/2"]
[WhiteElo "1889"]
[BlackElo "1936"]

1.Nf3 d5 2.g3 Nc6 3.Bg2 e5 4.d3 Nf6 5.Nbd2 Be7 6.e4 dxe4 7.dxe4 O-O 8.O-O Be6
9.c3 a5 10.Qe2 a4 11.Rd1 Qc8 12.Nc4 Bxc4 13.Qxc4 Qg4 14.Re1 h6 15.h3 Qd7
16.Nh4 Rfd8 17.Be3 Na5 18.Qe2 Qe6 19.Nf5 Bf8 20.f4 Nc4 21.fxe5 Nd7 22.Nd4 Qa6
23.Kh2  1/2-1/2

[Event "Tatry Open"]
[Site "Tatranske Zruby CZE"]
[Date "2010.10.02"]
[Round "1"]
[White "Susko,P"]
[Black "Briza,J"]
[Result "0-1"]
[WhiteElo "1824"]
[BlackElo "1919"]

1.Nf3 d5 2.g3 c5 3.Bg2 Nc6 4.d3 Nf6 5.c3 e5 6.O-O Be7 7.a3 O-O 8.b4 a6 9.Nbd2 Qc7
10.Bb2 b6 11.Re1 Bb7 12.e4 d4 13.Rc1 cxb4 14.axb4 dxc3 15.Bxc3 Bd6 16.Nc4 Nd7
17.Qb3 Rae8 18.Rc2 Qb8 19.Qb2 b5 20.Ne3 Nb6 21.Qb3 Na4 22.Bd2 Rc8 23.Bh3 Nd4
24.Nxd4 exd4 25.Rxc8 Bxc8 26.Bxc8 dxe3 27.Bxe3 Rxc8 28.f4 Rc3 29.Qd5 Bxb4
30.Bd4 Rxd3 31.Rc1 Nc3 32.Qe5 Qxe5 33.Bxc3  0-1

[Event "21st Open"]
[Site "Goch GER"]
[Date "2010.10.03"]
[Round "6.6"]
[White "Gutman,L"]
[Black "Zschischang,G"]
[Result "1-0"]
[WhiteElo "2419"]
[BlackElo "2195"]

1.Nf3 d5 2.g3 Nf6 3.Bg2 c6 4.O-O Bg4 5.a4 Nbd7 6.a5 e6 7.d4 Be7 8.c4 O-O
9.Qb3 b6 10.Nc3 dxc4 11.Qxc4 Rc8 12.axb6 axb6 13.Bg5 b5 14.Qb3 b4 15.Na4 Bxf3
16.Qxf3 e5 17.dxe5 Nxe5 18.Qf5 Nfd7 19.Bf4 g6 20.Qc2 c5 21.Rfd1 Qa5 22.Nc3 Qb6
23.Nd5 Qe6 24.Ra7 Bf6 25.Qa4 Bg7 26.Bxe5 Nxe5 27.Ne7+ Kh8 28.Nxc8 Rxc8 29.Ra8 Bf6
30.Bd5 Qh3 31.Qa6  1-0

[Event "39th Olympiad Men"]
[Site "Khanty-Mansiysk RUS"]
[Date "2010.10.03"]
[Round "11"]
[White "Sakr,N"]
[Black "Abu Sufian,S"]
[Result "0-1"]
[WhiteElo "2177"]
[BlackElo "2361"]

1.Nf3 d5 2.g3 Bg4 3.Bg2 c6 4.d3 Nd7 5.O-O Ngf6 6.h3 Bh5 7.Bf4 Bxf3 8.Bxf3 e5
9.Bd2 Bc5 10.b4 Bb6 11.Nc3 O-O 12.Na4 Bc7 13.c4 dxc4 14.dxc4 e4 15.Bg2 Qe7
16.Qb3 Rfe8 17.Be3 h5 18.Rfd1 h4 19.Nc5 hxg3 20.fxg3 Nxc5 21.Bxc5 Qe6 22.g4 e3
23.Rd3 Qe5 24.Rad1 Qh2+ 25.Kf1 Qf4+ 26.Bf3 Qg3 27.Rxe3 Qxh3+ 28.Bg2 Qxg4
29.Rd4 Rxe3 30.Qxe3 Qf5+ 31.Qf3 Qb1+ 32.Kf2 Re8 33.Rh4 Re5 34.Qh3 Rf5+ 35.Bf3 Ne4+
36.Kg2 Rg5+ 37.Bg4 f6 38.Be3 Qe1 39.Kf3 Nd2+ 40.Bxd2 Qxd2 41.Rh8+ Kf7 42.Bh5+ g6
43.Bxg6+ Rxg6 44.Qh7+ Rg7 45.Qh5+ Ke6 46.Qe8+ Re7 47.Qg8+ Ke5 48.Rh4 Qc2
49.Qg3+ Ke6 50.Qg8+ Kd7 51.Rd4+ Bd6 52.e3 Qf5+ 53.Ke2 Qe5 54.Rd3 Qb2+ 55.Kf3 Qxb4
56.Rb3 Qc5 57.Rxb7+ Bc7 58.e4 f5 59.Kg2 Qd4  0-1

[Event "39th Olympiad Women"]
[Site "Khanty-Mansiysk RUS"]
[Date "2010.10.03"]
[Round "11"]
[White "Franciskovic,B"]
[Black "Pina Vega,S"]
[Result "0-1"]
[WhiteElo "2282"]
[BlackElo "2322"]

1.Nf3 d5 2.g3 Nc6 3.d4 Bf5 4.Bg2 Nb4 5.Na3 c6 6.c3 Na6 7.O-O e6 8.Nc2 Be7
9.Nd2 Nf6 10.Re1 O-O 11.e4 Bg6 12.b4 Nc7 13.f3 a5 14.a3 axb4 15.axb4 Rxa1
16.Nxa1 Qa8 17.Bb2 Qa2 18.Qc2 dxe4 19.fxe4 e5 20.Nab3 Qa8 21.Ra1 Qc8 22.dxe5 Ng4
23.Nf3 Ne3 24.Qe2 Nxg2 25.Kxg2 Qg4 26.Re1 Ra8 27.h3 Qc8 28.Na5 Ne6 29.Rd1 c5
30.Nc4 Qc6 31.Nd6 Bxd6 32.Rxd6 Qxe4 33.Qxe4 Bxe4 34.Kf2 Ra2 35.Rd2 Kf8 36.Ke3 Bc6
37.h4 Ke7 38.Ne1 c4 39.Ng2 Nf8 40.Nf4 Nd7 41.Kd4 Nb6 42.Re2 Na4 43.Bc1 Ra1
44.Re1 b5 45.Nd5+ Ke6 46.Nc7+ Kf5 47.e6 fxe6 48.Nxe6 Kg4 49.Nxg7 Bd7 50.Re4+ Kxg3
51.Nh5+ Kf3 52.Rf4+ Ke2 53.Re4+ Kd1 54.Bg5 Kc2 55.Re2+ Kb3 56.Bf6 Bg4 57.Re5 Rd1+
58.Ke3 Re1+ 59.Kf4 Rxe5 60.Kxg4 Re1 61.Nf4 Nxc3 62.h5 Re4  0-1

[Event "39th Olympiad Men"]
[Site "Khanty-Mansiysk RUS"]
[Date "2010.10.03"]
[Round "11"]
[White "Fernandez,Dan SIN"]
[Black "Heidenfeld,M"]
[Result "1/2-1/2"]
[WhiteElo "2371"]
[BlackElo "2360"]

1.Nf3 d5 2.g3 Nf6 3.Bg2 e6 4.O-O Bd6 5.c4 O-O 6.b3 b6 7.Nc3 a6 8.cxd5 exd5
9.d4 Nbd7 10.Nh4 Bb7 11.Nf5 Bb4 12.Qc2 Re8 13.Bf4 Rc8 14.a3 Bxc3 15.Qxc3 Nf8
16.b4 Ne6 17.Be3 Ng4 18.Bf3 Nxe3 19.Nxe3 c5 20.bxc5 bxc5 21.Qb2 Rb8 22.dxc5 d4
23.Bxb7 dxe3 24.c6 exf2+ 25.Rxf2 Nc5 26.Raf1 Re7 27.Qa2 Qd4 28.c7 Rxc7 29.Bd5 Kh8
30.Qc4 Qxc4 31.Bxc4 f6 32.Rf4 Rb6 33.Rd1 g6 34.Rd8+ Kg7 35.Rg8+ Kh6 36.Rh4+ Kg5
37.Rh8 Rb1+ 38.Kg2 Ra1 39.R4xh7 Rxh7 40.Rxh7 Rxa3 41.Rc7 Ne4 42.Bd3 Rc3 43.Rf7 Nc5
44.h4+ Kh6 45.Rxf6 Nxd3 46.exd3 Rxd3 47.Rxa6 Rb3 48.Kh3 Rb4 49.Ra3 Rc4 50.Kg2 g5
51.Ra6+ Kg7 52.h5 g4 53.Kf2 Rc5 54.Rg6+ Kf7 55.Rxg4 Rxh5 56.Kf3 Ra5 57.Rb4 Kg6
58.g4 Kg5  1/2-1/2

[Event "39th Olympiad Women"]
[Site "Khanty-Mansiysk RUS"]
[Date "2010.10.03"]
[Round "11"]
[White "Mendoza Velazquez,L"]
[Black "Jorgensen,C"]
[Result "1-0"]
[WhiteElo "2038"]
[BlackElo "2025"]

1.Nf3 d5 2.g3 c6 3.Bg2 Nf6 4.O-O Bg4 5.d4 e6 6.c4 Nbd7 7.Nc3 dxc4 8.a4 Bb4
9.Nd2 Nb6 10.h3 Bh5 11.Na2 a5 12.Nf3 Nbd5 13.Qc2 b5 14.Ne5 Rc8 15.e4 Nb6
16.g4 Bg6 17.Nxb4 axb4 18.axb5 cxb5 19.Be3 Nbd7 20.f4 h6 21.f5 exf5 22.exf5 Bh7
23.Nc6 b3 24.Qe2 Rxc6 25.Bf4+ Re6 26.fxe6 Nb6 27.exf7+ Kxf7 28.Ra7+ Kf8 29.Qe6 Qe8
30.Bd6+  1-0

[Event "39th Olympiad Women"]
[Site "Khanty-Mansiysk RUS"]
[Date "2010.10.03"]
[Round "11"]
[White "Shabanaj,E"]
[Black "Geldyeva,M"]
[Result "0-1"]
[WhiteElo "2070"]
[BlackElo "2260"]

1.Nf3 d5 2.g3 Nd7 3.d3 e5 4.e4 dxe4 5.dxe4 Ngf6 6.Bg5 Be7 7.Nbd2 O-O 8.c3 c6
9.Qc2 Qc7 10.Bg2 h6 11.Bxf6 Nxf6 12.O-O Be6 13.Rfd1 Rad8 14.Bf1 Bc5 15.h3 Nh5
16.b4 Bb6 17.c4 Qc8 18.c5 Bc7 19.Kh2 f5 20.Bc4 fxe4 21.Qxe4 Bd5 22.Qh4 Qf5
23.Bxd5+ cxd5 24.Qg4 e4 25.Qxf5 Rxf5 26.Kh1 exf3 27.g4 Rf4 28.gxh5 Rdf8 29.Nb3 Rh4
30.Rxd5 Rxh3+ 31.Kg1 Bh2+ 32.Kf1 Be5  0-1

[Event "H E Atkins Memorial Open"]
[Site "Leicester ENG"]
[Date "2010.10.03"]
[Round "5"]
[White "Mangione,C"]
[Black "Jaszkiwskyj,P"]
[Result "1-0"]
[WhiteElo "2087"]
[BlackElo "1952"]

1.Nf3 d5 2.g3 Nf6 3.Bg2 c6 4.O-O Bf5 5.d3 e6 6.c4 Be7 7.Nc3 h6 8.cxd5 exd5
9.Nd4 Bg6 10.e4 O-O 11.Kh1 Qb6 12.Nb3 dxe4 13.dxe4 Rd8 14.Qe2 Bb4 15.f3 a5
16.Na4 Qc7 17.Be3 Nbd7 18.Rac1 b5 19.Nac5 Ne5 20.a3 Bxc5 21.Nxc5 Nc4 22.a4 Nxe3
23.Qxe3 Qb6 24.Rc3 Rac8 25.Rfc1 Rc7 26.Bh3 Re7 27.Qg1 Rd2 28.R3c2 Rxc2 29.Rxc2 Nd5
30.Nb3 Qxg1+ 31.Kxg1 Nb4 32.Rc3 Ra7 33.axb5 cxb5 34.Nd4 Rb7 35.Bf1 Rd7 36.Nxb5 Rd2
37.b3 Rd1 38.Kf2 Rd2+ 39.Be2 Na2 40.Rc8+ Kh7 41.Ke3 Rb2 42.Nd4 f6 43.Rc2 Rxc2
44.Nxc2 Bf7 45.Nd4 Kg8 46.Kd2 Kf8 47.Kc2 Be8 48.Bb5 Nb4+ 49.Kc3 Bxb5 50.Nxb5 Ke7
51.Nd4 g6 52.Kc4 Kd6 53.f4 Na6 54.Nf3 Nc7 55.e5+ Ke6 56.Nd4+  1-0

[Event "Tatry Open"]
[Site "Tatranske Zruby CZE"]
[Date "2010.10.04"]
[Round "4"]
[White "Petran,Pe"]
[Black "Bombek,P"]
[Result "1/2-1/2"]
[WhiteElo "2325"]
[BlackElo "2194"]

1.Nf3 d5 2.g3 c6 3.Bg2 Bg4 4.d3 Nd7 5.Nbd2 Ngf6 6.O-O e6 7.b3 Bd6 8.Bb2 O-O
9.Qe1 Qe7 10.a3 e5 11.e4 dxe4 12.dxe4 Rad8 13.h3 Bxf3 14.Bxf3 Nb6 15.Bg2 a5
16.Qe2 a4 17.b4 Bc7 18.Rfd1 Qe6 19.Bf1 Rd7 20.c4 Rfd8 21.c5 Nc8 22.Nc4 Na7
23.Rxd7 Rxd7 24.Rd1 h6 25.Rxd7 Nxd7 26.Qg4 Qxg4 27.hxg4 Nc8 28.g5 b5 29.cxb6 Ncxb6
30.Nxb6 Nxb6 31.gxh6 gxh6 32.Bc1 Kg7 33.Ba6 Bd6 34.Be3 Bc7 35.Bb7 Nc4 36.Bc1 Bd6
37.Bxc6 Bxb4 38.axb4 a3 39.Bxa3 Nxa3 40.Bd5 Kf8 41.Kf1 Ke7 42.Ke2 Nc2 43.f4 f6
44.fxe5 fxe5 45.Kf3 Nxb4 46.Bb7  1/2-1/2

[Event "FSIMA October"]
[Site "Budapest HUN"]
[Date "2010.10.05"]
[Round "4"]
[White "Keschitz,G"]
[Black "Brustkern,J"]
[Result "1-0"]
[WhiteElo "2248"]
[BlackElo "2299"]

1.Nf3 d5 2.g3 Nc6 3.Bg2 e5 4.d3 Be6 5.O-O f6 6.b3 Qd7 7.Bb2 O-O-O 8.c4 d4
9.Nbd2 Bh3 10.a3 h5 11.b4 h4 12.Kh1 hxg3 13.fxg3 Nh6 14.Bxh3 Qxh3 15.Ng1 Qd7
16.Rf3 Ng4 17.Nf1 f5 18.Qc2 Qe6 19.h3 e4 20.dxe4 fxe4 21.Rf4 g5 22.Rxg4 Qxg4
23.Kg2 Qf5 24.g4 Qf4 25.e3 Qf7 26.b5 Ne5 27.Bxd4 Bg7 28.Qxe4 Nxc4 29.Bxg7 Qxg7
30.Rc1 Nd2 31.Qf5+ Kb8 32.Ng3 Rhe8 33.Qc2 Qe5 34.Re1 Qxb5 35.e4 Nc4 36.Nf3 Nxa3
37.Qc1 Rd3 38.Qxg5 Rxf3 39.Qxb5 Rxg3+ 40.Kxg3 Nxb5 41.h4 c5 42.h5 Nd4 43.g5 Nc2
44.Rh1 Nd4 45.h6 Ne6 46.g6 Rg8 47.h7 Rxg6+ 48.Kf2 Rf6+ 49.Ke3 Rf8 50.Rg1  1-0

[Event "Karen Asrian Memorial"]
[Site "Jermuk ARM"]
[Date "2010.10.06"]
[Round "2"]
[White "Poghosyan,S"]
[Black "Hovhannisyan,R"]
[Result "0-1"]
[WhiteElo "2335"]
[BlackElo "2522"]

1.Nf3 d5 2.g3 Bg4 3.Bg2 Nd7 4.d4 e6 5.O-O c6 6.Nbd2 Ngf6 7.Re1 Be7 8.e4 dxe4
9.Nxe4 O-O 10.c3 Nxe4 11.Rxe4 Bxf3 12.Bxf3 Bg5 13.Bxg5 Qxg5 14.Qb3 Rab8 15.Rae1 Qa5
16.Kg2 Rfd8 17.R4e3 h6 18.h4 Qb6 19.Qc2 a5 20.g4 Nf8 21.g5 Ng6 22.gxh6 Nxh4+
23.Kh3 Nf5 24.Rxe6 fxe6 25.Rxe6 Rf8 26.Bg4 Qc7 27.Bxf5 Qf4 28.Bg4 Rf6 29.Qb3 Qxh6+
30.Kg2 Rxe6 31.Bxe6+ Kh8 32.d5 Qg6+ 33.Kf1 Qd3+ 34.Kg2 Rf8 35.c4 Qxb3 36.axb3 cxd5
37.cxd5 g5 38.d6 Kg7  0-1